000 01361nam a2200325 c 4500
999 _c49200
_d49200
003 BLK
005 20221027125724.0
008 180408b bul|||||r ||||||| ||bul||
010 _aKNG00053050000
040 _aBLK
041 _aBUL
_cBUL
080 _aБългарска литература
_b821.163.2
_x-992
_z821.163.2-992
100 1 _aГалина, Лада
_eпърви автор
_gГабровска-Каранфилова, Ганка Славова
_9365607
139 _aГалина, Лада
_bГ 18
245 1 0 _aЕхо от Андите
_bПътеписи за Перу, Еквадор и Колумбия
_cЛада Галина
257 _aBGR
260 _aСофия
_bПартиздат
_c1977
300 _a252 с.
_b8 л. ил.
_c21 см
380 _aX
490 _aСветът през 70-те години
_9205070
500 _aИмето на авт. Ганка Славова Габровска-Каранфилова. - 8 110 тир.
653 _aпътеписи
653 _aЮжна Америка
852 _aЦб 85672
_bЦб
856 4 _qpdf
_i0.00
_ldisable
856 4 _qpdf
_i0.00
_ldisable
942 _cKNG
_n0
_s1
944 _aCR
_c13.09.2016
_kКети_Илиева
944 _aED
_c13.09.2016
_kКети_Илиева
944 _aED
_c2022-10-27
_kВП
999 _d49200